[Event "Copenhagen Chess Challenge 2010"]
[Site "Ballerup"]
[Date "2010.??.??"]
[Round "4"]
[White "Brynell, Stellan"]
[Black "Nilssen, John Arni"]
[Result "1-0"]
[WhiteElo "2479"]
[BlackElo "2372"]
[PlyCount "79"]
[EventDate "2010.??.??"]
[EventType "swiss"]
[EventRounds "9"]
[EventCountry "DEN"]

1. d4 Nf6 2. c4 e6 3. Nf3 b6 4. g3 Ba6 5. Qc2 Bb7 6. Bg2 c5 7. d5 exd5 8. cxd5
d6 9. Nc3 Be7 10. O-O O-O 11. e4 Re8 12. Re1 Bf8 13. Bf4 Nbd7 14. h3 Ne5 15.
Nxe5 dxe5 16. Bd2 Bd6 17. Nb5 Bb8 18. a4 Qe7 19. Na3 Rd8 20. a5 Ba6 21. axb6
axb6 22. Qb3 Bc7 23. Nb5 Bb8 24. Ra4 Bb7 25. Rxa8 Bxa8 26. Ra1 Bb7 27. Na3 Bc7
28. Nc4 Rb8 29. Ra7 Qd8 30. Bc3 Qe7 31. d6 Bxd6 32. Qxb6 Ne8 33. Nxd6 Nxd6 34.
Qxc5 Re8 35. Bb4 Nc8 36. Qxe7 Rxe7 37. Ra5 Re8 38. f3 f6 39. Bf1 g5 40. Rc5 1-0

[Event "Copenhagen Chess Challenge 2010"]
[Site "Ballerup"]
[Date "2010.??.??"]
[Round "4"]
[White "Pedersen, Nicolai Vesterbaek"]
[Black "Andersen, Mads"]
[Result "1/2-1/2"]
[WhiteElo "2453"]
[BlackElo "2331"]
[PlyCount "140"]
[EventDate "2010.??.??"]
[EventType "swiss"]
[EventRounds "9"]
[EventCountry "DEN"]

1. Nf3 Nf6 2. g3 d5 3. Bg2 c6 4. O-O Bg4 5. d3 Nbd7 6. c4 e6 7. cxd5 cxd5 8. h3
Bh5 9. Nc3 Bc5 10. e4 dxe4 11. dxe4 O-O 12. Qe2 e5 13. Rd1 Qe7 14. g4 Bg6 15.
g5 Ne8 16. Nd5 Qe6 17. b4 Bd6 18. Nh4 Nb6 19. Nxg6 hxg6 20. Qd3 Nxd5 21. Qxd5
Qxd5 22. Rxd5 f6 23. Be3 Rf7 24. a3 Rd7 25. Rad1 Rdd8 26. gxf6 gxf6 27. Bc5 Bc7
28. Rxd8 Rxd8 29. Rxd8 Bxd8 30. Bxa7 b6 31. Bb8 g5 32. Bf1 Kf7 33. Bb5 Nc7 34.
Bc4+ Ke7 35. a4 Ne8 36. Kf1 Kd7 37. Bb5+ Kc8 38. Bxe5 fxe5 39. Bxe8 Be7 40. f4
exf4 41. a5 bxa5 42. bxa5 Bc5 43. Ke2 Kd8 44. Bc6 Ke7 45. Kf3 Kf6 46. Kg4 Be3
47. a6 Bd4 48. Bb7 Bc5 49. e5+ Kxe5 50. Kxg5 Ke6 51. Kg6 Ke7 52. h4 Kf8 53. Kh7
Kf7 54. h5 Kf6 55. Bf3 Kg5 56. Kg7 Bd4+ 57. Kh7 Bc5 58. Kg8 Kh6 59. Kf7 Bd4 60.
Ke6 Kg7 61. Kf5 Be3 62. Kg5 Kh8 63. h6 Kh7 64. Be4+ Kh8 65. Kg6 Bd4 66. Kf7 Be3
67. Ke6 f3 68. Bxf3 Kh7 69. Be4+ Kxh6 70. a7 Bxa7 1/2-1/2

[Event "Copenhagen Chess Challenge 2010"]
[Site "Ballerup"]
[Date "2010.??.??"]
[Round "4"]
[White "Bromann, Thorbjorn"]
[Black "Bejtovic, Jasmin"]
[Result "1/2-1/2"]
[WhiteElo "2435"]
[BlackElo "2384"]
[PlyCount "47"]
[EventDate "2010.??.??"]
[EventType "swiss"]
[EventRounds "9"]
[EventCountry "DEN"]

1. d4 Nf6 2. Nc3 d5 3. Bg5 Nbd7 4. Qd3 c5 5. Nf3 cxd4 6. Qxd4 e5 7. Nxe5 Bc5 8.
Qa4 Qb6 9. O-O-O d4 10. Nc4 Qe6 11. Nb5 O-O 12. Nc7 Qf5 13. Bxf6 b5 14. Nxb5
Qxf6 15. e3 dxe3 16. fxe3 Nb6 17. Nxb6 Bxe3+ 18. Kb1 Qxb6 19. Rd6 Qc5 20. Bd3
Be6 21. Qe4 g6 22. Rc6 Qg5 23. h4 Qd5 24. c4 1/2-1/2

[Event "Copenhagen Chess Challenge 2010"]
[Site "Ballerup"]
[Date "2010.??.??"]
[Round "4"]
[White "Matthiesen, Martin"]
[Black "Grabarczyk, Miroslaw"]
[Result "1/2-1/2"]
[WhiteElo "2290"]
[BlackElo "2450"]
[PlyCount "53"]
[EventDate "2010.??.??"]
[EventType "swiss"]
[EventRounds "9"]
[EventCountry "DEN"]

1. d4 Nf6 2. c4 e6 3. Nf3 Bb4+ 4. Bd2 a5 5. g3 b6 6. Bg2 Bb7 7. O-O O-O 8. Nc3
d6 9. d5 Nbd7 10. dxe6 fxe6 11. Ng5 Bxg2 12. Nxe6 Qe7 13. Nxf8 Bxf1 14. Nxd7
Qxd7 15. Qxf1 Rf8 16. Qg2 Qe6 17. b3 Ng4 18. Rf1 Bxc3 19. Bxc3 Ne3 20. fxe3
Qxe3+ 21. Rf2 Rxf2 22. Qxf2 Qxc3 23. Qf3 Qa1+ 24. Kf2 Qxa2 25. Qc6 Kf8 26. Qxc7
Qxb3 27. Qxd6+ 1/2-1/2

[Event "Copenhagen Chess Challenge 2010"]
[Site "Ballerup"]
[Date "2010.??.??"]
[Round "4"]
[White "Tikkanen, Hans"]
[Black "Stigar, Petter"]
[Result "1-0"]
[WhiteElo "2465"]
[BlackElo "2281"]
[PlyCount "37"]
[EventDate "2010.??.??"]
[EventType "swiss"]
[EventRounds "9"]
[EventCountry "DEN"]

1. d4 d5 2. c4 dxc4 3. e3 e5 4. Bxc4 exd4 5. exd4 Bd6 6. Nf3 Nf6 7. O-O O-O 8.
Bg5 h6 9. Bh4 Nc6 10. Qd3 Nb4 11. Qb3 Bf5 12. Ne5 Qe7 13. Na3 g5 14. Bg3 Ne4
15. Nxf7 Rxf7 16. Bxd6 Nxd6 17. Rfe1 Qf8 18. Qxb4 Nxc4 19. Qxc4 1-0

[Event "Copenhagen Chess Challenge 2010"]
[Site "Ballerup"]
[Date "2010.??.??"]
[Round "4"]
[White "Hove, Esben Kjems"]
[Black "Smith, Axel"]
[Result "0-1"]
[WhiteElo "2269"]
[BlackElo "2408"]
[PlyCount "100"]
[EventDate "2010.??.??"]
[EventType "swiss"]
[EventRounds "9"]
[EventCountry "DEN"]

1. d4 e6 2. c4 Bb4+ 3. Bd2 c5 4. Bxb4 cxb4 5. e3 Nf6 6. Nf3 O-O 7. Be2 a5 8. a3
Na6 9. O-O b6 10. axb4 Nxb4 11. Na3 Qe7 12. Nc2 Nxc2 13. Qxc2 Ba6 14. Rfc1 Rfc8
15. Qa4 Rc7 16. Bf1 Rac8 17. b3 g6 18. c5 Bb7 19. Rd1 bxc5 20. Qxa5 Bxf3 21.
gxf3 d6 22. Qd2 Ne8 23. f4 Qh4 24. Qe2 Ng7 25. dxc5 dxc5 26. Qf3 Qe7 27. Ra8
Nf5 28. Rxc8+ Rxc8 29. Be2 Kg7 30. Qe4 Qa7 31. Bg4 Qb6 32. Qe5+ Kg8 33. Qc3 Ne7
34. Rd7 Nf5 35. Bxf5 exf5 36. Qc4 Qe6 37. Rd5 h5 38. Qd3 Kh7 39. Re5 Qc6 40.
Qc4 Kg7 41. h3 Rd8 42. e4 fxe4 43. Rxc5 Rd1+ 44. Kh2 Qd6 45. Qc3+ Kh7 46. Re5
Rd3 47. Qc4 Qd7 48. Kg1 Rxh3 49. Qxe4 Qd1+ 50. Qe1 Qg4+ 0-1

[Event "Copenhagen Chess Challenge 2010"]
[Site "Ballerup"]
[Date "2010.??.??"]
[Round "4"]
[White "Veng, Johny"]
[Black "Skytte, Rasmus"]
[Result "1/2-1/2"]
[WhiteElo "2237"]
[BlackElo "2386"]
[PlyCount "48"]
[EventDate "2010.??.??"]
[EventType "swiss"]
[EventRounds "9"]
[EventCountry "DEN"]

1. d4 Nf6 2. c4 c5 3. d5 b5 4. cxb5 a6 5. bxa6 g6 6. Nc3 Bxa6 7. g3 d6 8. Bg2
Bg7 9. Nf3 Nfd7 10. Qc2 Nb6 11. h4 h6 12. Nh2 N8d7 13. h5 g5 14. Ng4 Nc4 15.
Ne3 Nxe3 16. Bxe3 Qa5 17. Bd2 Ne5 18. Nd1 Qb5 19. Bc3 Bf6 20. a4 Qb7 21. Ne3
Rb8 22. O-O Qb3 23. Qd2 Nd7 24. Rfb1 Bxc3 1/2-1/2

[Event "Copenhagen Chess Challenge 2010"]
[Site "Ballerup"]
[Date "2010.??.??"]
[Round "4"]
[White "Westerinen, Heikki"]
[Black "Langmyhr, Tore"]
[Result "1-0"]
[WhiteElo "2347"]
[BlackElo "1991"]
[PlyCount "99"]
[EventDate "2010.??.??"]
[EventType "swiss"]
[EventRounds "9"]
[EventCountry "DEN"]

1. e4 d5 2. exd5 Nf6 3. d4 Nxd5 4. Nf3 Bg4 5. h3 Bh5 6. Be2 e6 7. O-O Be7 8. c4
Nb6 9. Be3 Nc6 10. b3 O-O 11. Nbd2 Bg6 12. c5 Nd5 13. Rc1 Ncb4 14. a3 Na2 15.
Ra1 Nac3 16. Qe1 Nxe2+ 17. Qxe2 Bf6 18. Rac1 a5 19. Ne5 Bxe5 20. dxe5 Qe7 21.
Rfd1 Rfd8 22. Nc4 Rdb8 23. Qd2 a4 24. b4 Rd8 25. Qe2 Qe8 26. Na5 Rab8 27. Bg5
f6 28. exf6 gxf6 29. Bh4 Qf7 30. Qb5 c6 31. Qxa4 Bf5 32. Bg3 e5 33. Nc4 Be6 34.
Nd6 Qg7 35. Qc2 Kh8 36. Qe4 Ne7 37. Kh2 Bd5 38. Qg4 Ng6 39. Nf5 Qf7 40. Ne3 Ne7
41. Nxd5 Nxd5 42. Qf5 Qg7 43. Re1 Re8 44. Rc4 Ra8 45. Rg4 Qe7 46. Rh4 Qg7 47.
Ree4 Re7 48. Reg4 Qf7 49. Rh6 Qe6 50. Rxh7+ 1-0

[Event "Copenhagen Chess Challenge 2010"]
[Site "Ballerup"]
[Date "2010.??.??"]
[Round "4"]
[White "Vesterli, Michael E"]
[Black "Olsen, Aage"]
[Result "0-1"]
[WhiteElo "1795"]
[BlackElo "2095"]
[PlyCount "88"]
[EventDate "2010.??.??"]
[EventType "swiss"]
[EventRounds "9"]
[EventCountry "DEN"]

1. d4 Nf6 2. c4 e5 3. dxe5 Ng4 4. e6 fxe6 5. e4 Ne5 6. Bf4 Qf6 7. Nh3 Ng6 8.
Qd2 Nxf4 9. Nxf4 Nc6 10. Nc3 Bb4 11. Rc1 O-O 12. Nd3 Bxc3 13. Rxc3 Qg6 14. f3
e5 15. c5 d6 16. Nf2 Nd4 17. cxd6 cxd6 18. Bc4+ Kh8 19. Nd1 Be6 20. Bxe6 Nxe6
21. O-O Nd4 22. Kh1 Qxe4 23. Qg5 Qf5 24. Qe7 Qg6 25. Qxb7 Qh6 26. Qe4 Rae8 27.
Rc7 Rf4 28. Qe3 Ref8 29. g3 Qh3 30. Rf2 Rxf3 31. Rxa7 h6 32. Rxf3 Nxf3 33. Qf2
Qc8 34. Ra3 Qc6 35. Rc3 Qd5 36. Ne3 Qe4 37. Qg2 Qb1+ 38. Qf1 Qxb2 39. Rc2 Qb7
40. Qg2 d5 41. Rf2 e4 42. Qf1 d4 43. Nc2 e3 44. Rg2 Rf6 0-1

[Event "Copenhagen Chess Challenge 2010"]
[Site "Ballerup"]
[Date "2010.??.??"]
[Round "4"]
[White "Johansson, Anders"]
[Black "Haubro, Martin"]
[Result "1/2-1/2"]
[WhiteElo "2071"]
[BlackElo "1907"]
[PlyCount "56"]
[EventDate "2010.??.??"]
[EventType "swiss"]
[EventRounds "9"]
[EventCountry "DEN"]

1. Nf3 f5 2. d3 Nf6 3. e4 d6 4. Nc3 Nc6 5. exf5 Bxf5 6. d4 Nb4 7. Bb5+ c6 8.
Ba4 g6 9. Qe2 Bg7 10. a3 Nbd5 11. O-O Nxc3 12. bxc3 Nd5 13. Bd2 O-O 14. h3 Re8
15. Bb3 Qd7 16. Rae1 e5 17. dxe5 dxe5 18. Nh2 Kh8 19. Rd1 Qc7 20. c4 Nf4 21.
Qf3 Ne6 22. Bc3 Nd4 23. Qe3 Nxc2 24. Bxc2 Bxc2 25. Rd2 Bb3 26. Ng4 Qb6 27. c5
Qc7 28. Bxe5 Bxe5 1/2-1/2

[Event "Copenhagen Chess Challenge 2010"]
[Site "Ballerup"]
[Date "2010.??.??"]
[Round "4"]
[White "Molvig, Henrik"]
[Black "Teplyi, Igor"]
[Result "0-1"]
[WhiteElo "2193"]
[BlackElo "2315"]
[PlyCount "66"]
[EventDate "2010.??.??"]
[EventType "swiss"]
[EventRounds "9"]
[EventCountry "DEN"]

1. d4 Nf6 2. c4 g6 3. Nc3 d5 4. cxd5 Nxd5 5. e4 Nxc3 6. bxc3 Bg7 7. Bc4 c5 8.
Be3 Nc6 9. Ne2 O-O 10. O-O Bg4 11. f3 Bd7 12. Rb1 Rc8 13. Bd3 Qc7 14. d5 Ne5
15. c4 a6 16. Qd2 Nxd3 17. Qxd3 b5 18. Rfc1 f5 19. Bf4 fxe4 20. Qxe4 Rxf4 21.
Qxf4 Bd4+ 22. Kh1 Qxf4 23. Nxf4 Be3 24. g3 g5 25. Nd3 Bd4 26. Kg2 Bf5 27. Nf2
b4 28. Ne4 g4 29. Re1 gxf3+ 30. Kxf3 Rf8 31. Kg2 a5 32. Rb3 a4 33. Rf3 Bh3+ 0-1

[Event "Copenhagen Chess Challenge 2010"]
[Site "Ballerup"]
[Date "2010.??.??"]
[Round "4"]
[White "Nguyen, Michael"]
[Black "Carstensen, Jacob"]
[Result "1/2-1/2"]
[WhiteElo "2187"]
[BlackElo "2295"]
[PlyCount "159"]
[EventDate "2010.??.??"]
[EventType "swiss"]
[EventRounds "9"]
[EventCountry "DEN"]

1. d4 Nf6 2. c4 e6 3. g3 d5 4. Bg2 Be7 5. Nf3 O-O 6. O-O dxc4 7. Qc2 a6 8. Qxc4
b5 9. Qc2 Bb7 10. Bd2 Be4 11. Qc1 Nbd7 12. Ba5 Rc8 13. Nbd2 Ba8 14. Qc2 Nb6 15.
Qd3 Qd5 16. b4 Qh5 17. Rfc1 Rfd8 18. Rxc7 Rxc7 19. Bxb6 Rdc8 20. Bxc7 Rxc7 21.
a3 Qd5 22. Ne1 Qd8 23. Bxa8 Qxa8 24. Nb3 Nd5 25. Nc5 Ra7 26. Rc1 Qd8 27. Nf3
Qb6 28. Nb3 Rc7 29. Qd2 Bd8 30. Rc2 Qd6 31. Rc5 Nb6 32. Qd3 Nc4 33. Nbd2 Nb2
34. Qc2 Na4 35. Ne4 Qe7 36. Rxc7 Qxc7 37. Nc5 Nb6 38. Qd3 Qc8 39. Nd2 Be7 40.
Qe4 Nd5 41. Qd3 Nb6 42. Qf3 Bf6 43. Qd3 g6 44. Kg2 Kg7 45. Kg1 Kg8 46. Kg2 Kg7
47. e3 Be7 48. Kg1 Kg8 49. Kg2 Kg7 50. Qe4 Nd5 51. Qe5+ Kg8 52. Qe4 Qd8 53.
Ndb3 Qc8 54. Kg1 Bd8 55. Qd3 Nb6 56. Nd2 Be7 57. e4 Qa8 58. Nf1 Qc8 59. Ne3 h5
60. Qc2 Bg5 61. f4 Bf6 62. e5 Be7 63. Qe4 Kg7 64. h3 Qc7 65. Kf2 Nc8 66. Qa8 h4
67. g4 Nb6 68. Qxa6 Qd8 69. Qb7 Bxc5 70. bxc5 Nc4 71. Qxb5 Nxe3 72. Kxe3 Qd5
73. Qf1 Qa8 74. Qf3 Qxa3+ 75. Ke4 Qa8+ 76. Ke3 Qa3+ 77. Ke2 Qb2+ 78. Kf1 Qxd4
79. Qf2 Qc3 80. Kg2 1/2-1/2

[Event "Copenhagen Chess Challenge 2010"]
[Site "Ballerup"]
[Date "2010.??.??"]
[Round "4"]
[White "Akdag, Dara Sevkan"]
[Black "De Verdier, Michael"]
[Result "0-1"]
[WhiteElo "2171"]
[BlackElo "2286"]
[PlyCount "120"]
[EventDate "2010.??.??"]
[EventType "swiss"]
[EventRounds "9"]
[EventCountry "DEN"]

1. d4 Nf6 2. c4 e6 3. Nf3 Bb4+ 4. Nbd2 O-O 5. a3 Be7 6. g3 b6 7. Bg2 Bb7 8. O-O
c5 9. dxc5 bxc5 10. Qc2 Nc6 11. Rd1 Qb6 12. b3 d6 13. Bb2 h6 14. Rab1 Rfd8 15.
Bc3 a5 16. h3 Rab8 17. e3 e5 18. Nh4 Bf8 19. f4 Nd4 20. Bxd4 cxd4 21. c5 Qxc5
22. Qxc5 dxc5 23. fxe5 dxe3 24. Nc4 Bxg2 25. Rxd8 Rxd8 26. Nxg2 e2 27. Re1 Ne4
28. Rxe2 Nxg3 29. Re1 Nf5 30. Kf2 Nd4 31. Rb1 Nc6 32. Nge3 g6 33. Rg1 Rd3 34.
e6 Rxb3 35. exf7+ Kxf7 36. Rd1 Nd4 37. Nxa5 Rxa3 38. Nac4 Ra2+ 39. Kg3 Bg7 40.
Rb1 Nf5+ 41. Nxf5 gxf5 42. Rb7+ Kg6 43. Rb6+ Kh5 44. Rc6 Bd4 45. Nd6 Be5+ 46.
Kf3 Ra3+ 47. Kg2 Rg3+ 48. Kf1 Bxd6 49. Rxd6 c4 50. Rc6 c3 51. h4 Kxh4 52. Rxh6+
Kg4 53. Rc6 Re3 54. Kf2 f4 55. Rc8 Kf5 56. Rc4 Ke5 57. Rc8 Kd4 58. Rd8+ Kc4 59.
Rc8+ Kb3 60. Rb8+ Ka2 0-1

[Event "Copenhagen Chess Challenge 2010"]
[Site "Ballerup"]
[Date "2010.??.??"]
[Round "4"]
[White "Hector, Jonny"]
[Black "Both, Erik"]
[Result "1-0"]
[WhiteElo "2582"]
[BlackElo "2188"]
[PlyCount "71"]
[EventDate "2010.??.??"]
[EventType "swiss"]
[EventRounds "9"]
[EventCountry "DEN"]

1. e4 c5 2. Nf3 d6 3. d4 cxd4 4. Nxd4 Nf6 5. Nc3 g6 6. Bc4 Bg7 7. O-O O-O 8.
Re1 Nc6 9. Bb3 Bd7 10. Bg5 Na5 11. Qd2 Nxb3 12. axb3 Re8 13. Bh6 Bh8 14. h3 a6
15. Rad1 Rc8 16. f4 e5 17. Nf3 Qb6+ 18. Kh2 Bc6 19. f5 Rcd8 20. Bg5 Rd7 21. Qe2
Bg7 22. Rf1 gxf5 23. Nh4 Nxe4 24. Rxf5 Nxg5 25. Rxg5 Kh8 26. Nf5 f6 27. Qh5 Rg8
28. Rg4 Qf2 29. Rd3 Rc7 30. Rdg3 Qd2 31. Ne4 Bxe4 32. Rxe4 h6 33. Reg4 d5 34.
Rg6 Qf4 35. Nxh6 Rgc8 36. Nf7+ 1-0

[Event "Copenhagen Chess Challenge 2010"]
[Site "Ballerup"]
[Date "2010.??.??"]
[Round "4"]
[White "Kokholm, Daniel"]
[Black "Berg, Klaus"]
[Result "0-1"]
[WhiteElo "1962"]
[BlackElo "2428"]
[PlyCount "64"]
[EventDate "2010.??.??"]
[EventType "swiss"]
[EventRounds "9"]
[EventCountry "DEN"]

1. e4 g6 2. d4 Bg7 3. Nc3 d6 4. Be3 a6 5. Bc4 b5 6. Bb3 Bb7 7. f3 Nd7 8. a4 b4
9. Nce2 Ngf6 10. Qd2 c5 11. c3 bxc3 12. bxc3 O-O 13. Nh3 a5 14. O-O Ba6 15.
Rfb1 Qc7 16. Ra2 Rab8 17. Rab2 Nb6 18. Bxf7+ Rxf7 19. Ng5 Nfd7 20. dxc5 Nxc5
21. Nxf7 Kxf7 22. Nf4 e6 23. Nxe6 Kxe6 24. Rxb6 Rxb6 25. Qd5+ Ke7 26. Rd1 Kf8
27. e5 Bxe5 28. Bh6+ Bg7 29. Bf4 Nb7 30. Be3 Rc6 31. Re1 Rxc3 32. Qe4 Qc4 0-1

[Event "Copenhagen Chess Challenge 2010"]
[Site "Ballerup"]
[Date "2010.??.??"]
[Round "4"]
[White "Semcesen, Daniel"]
[Black "Hvenekilde, Jorgen"]
[Result "1-0"]
[WhiteElo "2424"]
[BlackElo "2128"]
[PlyCount "109"]
[EventDate "2010.??.??"]
[EventType "swiss"]
[EventRounds "9"]
[EventCountry "DEN"]

1. d4 Nf6 2. c4 g6 3. Nc3 Bg7 4. e4 d6 5. Nf3 O-O 6. h3 e5 7. d5 a5 8. Bg5 Na6
9. Be2 Nc5 10. Nd2 h6 11. Be3 Bd7 12. O-O Qe7 13. b3 Ne8 14. a3 f5 15. f3 Nf6
16. b4 axb4 17. axb4 Rxa1 18. Qxa1 Na6 19. Qa3 Nh5 20. Rb1 Nf4 21. Bf1 Bc8 22.
c5 Nb8 23. Qc1 h5 24. cxd6 cxd6 25. Na4 Bh6 26. Qe1 h4 27. Rc1 Nd7 28. Kh2 Nf6
29. Nb6 Bd7 30. Rc7 Qd8 31. Rxb7 Be8 32. Nbc4 N6h5 33. Rb6 Rf6 34. Rb7 Ng3 35.
Bb6 Qa8 36. Na5 Bf7 37. Rd7 Nxd5 38. Rd8+ Qxd8 39. Bxd8 Bxd2 40. Qa1 Ne3 41.
Bb5 Re6 42. Bxh4 f4 43. Nc6 Re8 44. Bxg3 fxg3+ 45. Kxg3 Nc2 46. Qd1 Bf4+ 47.
Kf2 Ra8 48. Qxc2 Ra2 49. Qxa2 Bxa2 50. Ke2 Kf8 51. Kd3 d5 52. exd5 Bxd5 53. Na5
Ke7 54. Bc4 Ba8 55. b5 1-0

[Event "Copenhagen Chess Challenge 2010"]
[Site "Ballerup"]
[Date "2010.??.??"]
[Round "4"]
[White "Skovgaard, Peter Nicolai"]
[Black "Poulsen, Iver"]
[Result "1-0"]
[WhiteElo "2307"]
[BlackElo "2140"]
[PlyCount "83"]
[EventDate "2010.??.??"]
[EventType "swiss"]
[EventRounds "9"]
[EventCountry "DEN"]

1. e4 c5 2. Nf3 Nc6 3. Nc3 e6 4. d4 cxd4 5. Nxd4 Qc7 6. Ndb5 Qb8 7. Be3 a6 8.
Bb6 axb5 9. Nxb5 Bb4+ 10. c3 Ba5 11. Nc7+ Qxc7 12. Bxc7 Bxc7 13. Qg4 g6 14. Qd1
Nge7 15. Bd3 h5 16. O-O h4 17. h3 g5 18. Qd2 Bf4 19. Qc2 Ng6 20. b4 Be5 21.
Rfd1 Ra3 22. b5 Rxc3 23. Qd2 Nce7 24. Rac1 Rxc1 25. Qxc1 Nf4 26. a4 f6 27. a5
Kf7 28. Bf1 d5 29. exd5 Nexd5 30. a6 bxa6 31. bxa6 Nc3 32. Rd2 Nfd5 33. Rb2 Na4
34. Rb3 Nab6 35. Bc4 Nxc4 36. Qxc4 Bxa6 37. Qxa6 Re8 38. Qd3 f5 39. Qe2 Kf6 40.
Qh5 Ra8 41. Qh6+ Kf7 42. Rb7+ 1-0

[Event "Copenhagen Chess Challenge 2010"]
[Site "Ballerup"]
[Date "2010.??.??"]
[Round "4"]
[White "Kristensen, Kaare Hove"]
[Black "Andersen, Rune Egede"]
[Result "1-0"]
[WhiteElo "2258"]
[BlackElo "2073"]
[PlyCount "115"]
[EventDate "2010.??.??"]
[EventType "swiss"]
[EventRounds "9"]
[EventCountry "DEN"]

1. e4 e6 2. d4 d5 3. Nc3 Nf6 4. Bg5 Be7 5. e5 Nfd7 6. Bxe7 Qxe7 7. f4 a6 8. Nf3
c5 9. dxc5 Nc6 10. Bd3 Qxc5 11. Qd2 b5 12. O-O-O b4 13. Na4 Qa5 14. b3 Bb7 15.
Kb1 Ne7 16. a3 Nc6 17. Rhe1 g6 18. g4 Bc8 19. f5 Nf8 20. axb4 Nxb4 21. Qc3 Bd7
22. Qc5 Qxc5 23. Nxc5 gxf5 24. gxf5 Nxd3 25. Rxd3 Rg8 26. Nd4 Bb5 27. Rg3 Rxg3
28. hxg3 Rc8 29. b4 Ke7 30. Kb2 Nd7 31. f6+ Kf8 32. Nxd7+ Bxd7 33. c3 Rb8 34.
Ra1 Rb6 35. Kc2 Be8 36. Kd2 Kg8 37. g4 Bd7 38. Nf3 Bc6 39. Ke3 h6 40. g5 Kh7
41. gxh6 Kxh6 42. Rh1+ Kg6 43. Kf4 d4 44. Rg1+ Kh6 45. Nxd4 Bd5 46. Rg8 Rb7 47.
Rh8+ Kg6 48. Rg8+ Kh6 49. Rc8 Kh7 50. Ke3 Rd7 51. c4 Bb7 52. Re8 Kg6 53. Re7
Bc8 54. Rxd7 Bxd7 55. c5 Ba4 56. Kf4 Kh7 57. c6 Kg8 58. b5 1-0

[Event "Copenhagen Chess Challenge 2010"]
[Site "Ballerup"]
[Date "2010.??.??"]
[Round "4"]
[White "Rosenkilde, Alexander"]
[Black "Skjoldager, Mikael"]
[Result "1-0"]
[WhiteElo "2207"]
[BlackElo "1958"]
[PlyCount "35"]
[EventDate "2010.??.??"]
[EventType "swiss"]
[EventRounds "9"]
[EventCountry "DEN"]

1. d4 Nf6 2. c4 g6 3. Nc3 d5 4. cxd5 Nxd5 5. e4 Nxc3 6. bxc3 Bg7 7. Bc4 c5 8.
Ne2 Nc6 9. Be3 O-O 10. O-O Bd7 11. Rc1 Rc8 12. Qd2 Qa5 13. Qb2 b5 14. Qxb5 Qxb5
15. Bxb5 Nxd4 16. Nxd4 Bxd4 17. Bxd7 Bxe3 18. fxe3 1-0

[Event "Copenhagen Chess Challenge 2010"]
[Site "Ballerup"]
[Date "2010.??.??"]
[Round "4"]
[White "Brondt, Nicolai Kvist"]
[Black "Schmidt, Tommy B"]
[Result "1-0"]
[WhiteElo "2087"]
[BlackElo "2203"]
[PlyCount "75"]
[EventDate "2010.??.??"]
[EventType "swiss"]
[EventRounds "9"]
[EventCountry "DEN"]

1. d4 Nf6 2. Nf3 g6 3. c4 Bg7 4. Nc3 d6 5. e4 O-O 6. Be2 e5 7. O-O Nc6 8. d5
Ne7 9. b4 c6 10. Qb3 a5 11. bxa5 c5 12. Bd2 Rxa5 13. Rfe1 Ra6 14. Bf1 Ne8 15.
a4 h6 16. h4 f5 17. h5 g5 18. Nh2 Nf6 19. Be2 Qe8 20. Qd1 Qf7 21. Bd3 fxe4 22.
Bxe4 Nxh5 23. Be3 Nf4 24. g4 Nh3+ 25. Kh1 Nxf2+ 26. Bxf2 Qxf2 27. Rf1 Qh4 28.
Rxf8+ Bxf8 29. Qf3 Bxg4 30. Qxg4 Qxg4 31. Nxg4 Kg7 32. Nb5 h5 33. Ne3 Nc8 34.
Nc7 Rb6 35. Rb1 Rxb1+ 36. Bxb1 Kf6 37. Ne6 Bh6 38. Nf5 1-0

[Event "Copenhagen Chess Challenge 2010"]
[Site "Ballerup"]
[Date "2010.??.??"]
[Round "4"]
[White "Brondum, Eric"]
[Black "Peschardt, Soren"]
[Result "1-0"]
[WhiteElo "2135"]
[BlackElo "2069"]
[PlyCount "59"]
[EventDate "2010.??.??"]
[EventType "swiss"]
[EventRounds "9"]
[EventCountry "DEN"]

1. b3 f5 2. Bb2 Nf6 3. Bxf6 exf6 4. c4 b6 5. e3 Bb7 6. Nf3 Nc6 7. Be2 Bd6 8.
Nc3 Qe7 9. Nb5 a6 10. Nxd6+ Qxd6 11. Qc2 g6 12. d4 Qb4+ 13. Qd2 Qxd2+ 14. Kxd2
O-O 15. a3 a5 16. Rac1 Ba6 17. h4 h5 18. Ne1 Nd8 19. Nd3 Ne6 20. Bf3 Rab8 21.
b4 Bb7 22. d5 Ng7 23. bxa5 bxa5 24. Nc5 Bc8 25. Rb1 Rxb1 26. Rxb1 d6 27. Nb3 f4
28. exf4 Bf5 29. Rb2 Rb8 30. Kc3 1-0

[Event "Copenhagen Chess Challenge 2010"]
[Site "Ballerup"]
[Date "2010.??.??"]
[Round "4"]
[White "Grove, Peter"]
[Black "Hansen, Rasmus Agertoft"]
[Result "0-1"]
[WhiteElo "2124"]
[BlackElo "1947"]
[PlyCount "52"]
[EventDate "2010.??.??"]
[EventType "swiss"]
[EventRounds "9"]
[EventCountry "DEN"]

1. Nf3 Nf6 2. d4 g6 3. Nc3 Bg7 4. e4 d6 5. h3 O-O 6. Be3 c5 7. dxc5 Qa5 8. Nd2
Be6 9. cxd6 exd6 10. Bd3 Nfd7 11. Ndb1 Nc6 12. O-O Nde5 13. a3 Rac8 14. Re1
Rfd8 15. Bd2 Nxd3 16. cxd3 Qa6 17. Bg5 Rd7 18. Qa4 Qxa4 19. Nxa4 Nd4 20. Nd2
Nc2 21. Rac1 b5 22. Nc3 Nxe1 23. Rxe1 Bxc3 24. bxc3 Rxc3 25. Bf6 Rxd3 26. Rc1
Rb7 0-1

[Event "Copenhagen Chess Challenge 2010"]
[Site "Ballerup"]
[Date "2010.??.??"]
[Round "4"]
[White "Rostgaard, Tobias Valentin"]
[Black "Petrovski, Petruli"]
[Result "1-0"]
[WhiteElo "2037"]
[BlackElo "1818"]
[PlyCount "117"]
[EventDate "2010.??.??"]
[EventType "swiss"]
[EventRounds "9"]
[EventCountry "DEN"]

1. e4 e6 2. d4 d5 3. Nc3 dxe4 4. Nxe4 Bd7 5. Bd3 Bc6 6. Nf3 Nd7 7. O-O Ngf6 8.
Bg5 Be7 9. Nxf6+ Bxf6 10. Bxf6 Qxf6 11. Be2 O-O 12. c4 Bxf3 13. Bxf3 c6 14. Qb3
Nb6 15. Rfd1 Qe7 16. a4 Rab8 17. a5 Nd7 18. Qc3 Rfc8 19. b4 Nf6 20. Rab1 a6 21.
Qe3 Rc7 22. h3 Rd7 23. g4 h6 24. Qe5 Rbd8 25. Kg2 Qd6 26. Kg3 Qf8 27. h4 Nh7
28. Be4 g6 29. Bc2 Qe7 30. f4 f6 31. Qe3 f5 32. g5 h5 33. Bb3 Kf7 34. Rb2 Nf8
35. c5 Re8 36. Re2 Qd8 37. Bc4 Rde7 38. Rde1 Qc7 39. Qc3 Nd7 40. Qb3 Nf8 41.
Re3 Qb8 42. Qb2 Nd7 43. Qe2 Nf8 44. d5 cxd5 45. Bxd5 Qc7 46. Qb2 Nd7 47. Bc4
Qc6 48. Rd3 Kg8 49. Rd6 Qc7 50. Bxe6+ Kh7 51. Qd4 Nf8 52. Qf6 Nxe6 53. Rexe6
Rxe6 54. Rxe6 Rxe6 55. Qxe6 Qd8 56. Qf7+ Kh8 57. Qf6+ Qxf6 58. gxf6 b5 59. axb6
1-0

[Event "Copenhagen Chess Challenge 2010"]
[Site "Ballerup"]
[Date "2010.??.??"]
[Round "4"]
[White "Molvig, Julius"]
[Black "Pallesen, Jacob"]
[Result "1/2-1/2"]
[WhiteElo "1782"]
[BlackElo "2028"]
[PlyCount "84"]
[EventDate "2010.??.??"]
[EventType "swiss"]
[EventRounds "9"]
[EventCountry "DEN"]

1. d4 Nf6 2. c4 e6 3. Nf3 b6 4. g3 Bb7 5. Bg2 d5 6. cxd5 exd5 7. O-O Bd6 8. a3
O-O 9. Nc3 c6 10. b4 Nbd7 11. Bb2 Re8 12. Re1 a5 13. b5 c5 14. e3 c4 15. Nd2
Rc8 16. f3 Nf8 17. e4 Be7 18. e5 N6d7 19. f4 Nb8 20. Rc1 Ne6 21. Nf1 Qd7 22.
Bh3 Rcd8 23. Qg4 g6 24. Qd1 Qc7 25. Bxe6 fxe6 26. Qg4 Bc8 27. h4 Kg7 28. h5 Rf8
29. Nh2 Rf5 30. hxg6 hxg6 31. Nf3 Rh8 32. Kg2 Rfh5 33. Rh1 Qd8 34. Rxh5 Rxh5
35. Rh1 Rxh1 36. Kxh1 Qf8 37. Kg2 Qf5 38. Qxf5 gxf5 39. Kh3 Nd7 40. Na4 Bd8 41.
Nc3 Nf8 42. g4 fxg4+ 1/2-1/2

[Event "Copenhagen Chess Challenge 2010"]
[Site "Ballerup"]
[Date "2010.??.??"]
[Round "4"]
[White "Frank Nielsen, Marie"]
[Black "Skovle, Lars"]
[Result "1-0"]
[WhiteElo "1992"]
[BlackElo "1678"]
[PlyCount "69"]
[EventDate "2010.??.??"]
[EventType "swiss"]
[EventRounds "9"]
[EventCountry "DEN"]

1. e4 Nf6 2. e5 Nd5 3. c4 Nb6 4. d4 d6 5. exd6 exd6 6. Be3 Be7 7. Bd3 Nc6 8.
Nf3 Bg4 9. Nbd2 Bf6 10. Qb1 Qd7 11. a3 a5 12. O-O h6 13. h3 Bxf3 14. Nxf3 g5
15. Re1 Ne7 16. Bd2 O-O-O 17. Bxa5 g4 18. hxg4 Kb8 19. Bxb6 cxb6 20. Bf5 Qc6
21. Qd3 Rdg8 22. Rac1 Nxf5 23. Qxf5 Rg6 24. c5 bxc5 25. dxc5 Bxb2 26. Rc2 Rf6
27. Qd3 Rxf3 28. gxf3 Be5 29. cxd6 Qxd6 30. Qxd6+ Bxd6 31. Re3 Bf4 32. Rb3 f5
33. Rc5 Bd6 34. Rxf5 Rh7 35. a4 1-0